Nonenzymatic glucose detection using mesoporous platinum /
Bewaard in:
| Hoofdauteur: | |
|---|---|
| Andere auteurs: | , |
| Formaat: | Artikel |
| Taal: | English |
| Onderwerpen: | |
| Tags: |
Voeg label toe
Geen labels, Wees de eerste die dit record labelt!
|
| Thư viện lưu trữ: | Thư viện Trường Đại học Đà Lạt |
|---|
| LEADER | 00890nam a2200313 4500 | ||
|---|---|---|---|
| 001 | DLU090097110 | ||
| 005 | ##20091201 | ||
| 040 | # | # | |a DLU |b eng |
| 041 | # | # | |a eng |
| 044 | # | # | |a us |
| 100 | # | # | |a Park, Sejin. |
| 245 | # | # | |a Nonenzymatic glucose detection using mesoporous platinum / |c Sejin Park, Taek Dong Chung, Hee Chan Kim. |
| 653 | # | # | |a Chemical sensor |
| 653 | # | # | |a Glucose |
| 653 | # | # | |a Mesoporosity |
| 653 | # | # | |a Roughness |
| 653 | # | # | |a Stability |
| 700 | # | # | |a Chung, Taek Dong. |
| 700 | # | # | |a Kim, Hee Chan. |
| 773 | # | # | |t Analytical Chemistry |g Vol. 75, no. 13 (July 2003), p. 3046-3049 |
| 920 | # | # | |a Phòng Tạp chí -- Trung tâm Thông tin - Thư viện Trường Đại học Đà Lạt |
| 994 | # | # | |a DLU |
| 900 | # | # | |a True |
| 911 | # | # | |a Trương Bảo Trâm Anh |
| 925 | # | # | |a G |
| 926 | # | # | |a A |
| 927 | # | # | |a BB |
| 980 | # | # | |a Thư viện Trường Đại học Đà Lạt |